000 00339nam a22001457a 4500
008 230515b ||||| |||| 00| 0 eng d
020 _a21866641
041 _aeng
080 _a37
082 _a37WIS
100 _a23
101 _aEDU
245 _aMULTIPLIERS HOW THE BEST LEADERS MAKE EVERYONE SMARTER
_cWISEMAN L
942 _2udc
_cBK
999 _c59714
_d59714